01536nam a2200373Ia 4500001001200000003000800012006001900020007001500039008004100054010001700095020004200112020002600154040002100180035002100201050002400222082001900246245011200265260006600377300002600443490002900469504005100498533015200549650005800701650006000759650004500819650003000864650003200894655002900926700001700955710001700972830003000989856012601019999001701145ebr10350123CaPaEBRm u cr cn|||||||||090709s2009 enka sb 001 0 eng d z 2009026212 z9780754672654 (hardback : alk. paper) z9780754691914 (ebook) aCaPaEBRcCaPaEBR a(OCoLC)64687144514aUB212b.C637 2009eb04a355.3/304122200aCommand and controlh[electronic resource] :bthe sociotechnical perspective /cby Guy Walker ... [et al.]. aFarnham, Surrey, England ;aBurlington, VT :bAshgate,c2009. axviii, 198 p. :bill.1 aHuman factors in defence aIncludes bibliographical references and index. aElectronic reproduction.bPalo Alto, Calif. :cebrary,d2011.nAvailable via World Wide Web.nAccess may be limited to ebrary affiliated libraries. 0aCommand and control systemsxEffect of technology on. 0aCommand and control systemsxTechnological innovations. 0aCommand and control systemsxEvaluation. 0aCommunications, Military. 0aTechnologyxSocial aspects. 7aElectronic books.2local1 aWalker, Guy.2 aebrary, Inc. 0aHuman factors in defence.40uhttp://site.ebrary.com/lib/rucke/Doc?id=10350123zAn electronic book accessible through the World Wide Web; click to view c28984d28984